008790000a22002050004500090001400000245014600014650002500160650004000185650003400225650003100259651002000290041001300310700003900323700004300362100003500405942001600440773002700456999001700483952017300500 aARb0294710aAnalysis of the coverage of the national protected areas system in Colombia and priorities definition for conservation using Arclnfo Arcview14aAreas protegidas97814aPrioridades de conservación9699314aPolíticas ambientales9536614aUso de los recursos992826 4pColombia9927490 aInglés1 aHernández M., Olga Lucía945981 aAndrade Pérez, Germán Ignacio98691 aCastro Schmitz, Mauricio94597 cARTICULO011 tPreprint33q1-4d2002 c12006d12006 001040718HEMEROTECAaBogotabBogotad2015-02-27hFuera de circulaciónl1m1oAR 02947p013355r2016-08-19 00:00:00s2016-07-13t1w2015-03-25xDonaciónyARTICULO